000 00690nam a2200241Ia 4500
003 OSt
005 20220927102931.0
006 a|||||r|||| 00| 0
007 ta
008 220926b |||||||| |||| 00| 0 eng d
024 _a36533
037 _cReference Collections
040 _aRTL
_cRTL
_beng
041 _2eng
_aeng
082 _a"X:75.657.N5, J3/GD"
100 _aLewis W A
_9350920
245 0 _aReport on industrialisation and the gold coast
260 _aAcora
_bGovt Press
_c1953
300 _a23p.
_ccm.
650 _aEconomics
_9350921
942 _h"X:75.657.N5, J3/GD"
_cCC
999 _c679288
_d679288